Historias de usuario para el desarrollo de sistemas multimedia : un enfoque práctico /

Detalles Bibliográficos
Autores principales: Solano Alegría, Andrés Fernando (Autor), Peláez Ayala, Carlos Alberto (Autor), Castillo Beltrán, Paola Andrea (Autor)
Formato: Electrónico eBook
Lenguaje:español
Publicado: Cali, Valle del Cauca, Colombia : Programa Editorial, Universidad Autónoma de Occidente, 2023.
Edición:Primera edición.
Materias:
Acceso en línea:Digitalia Hispánica

MARC

LEADER 00000nam a2200000 i 4500
001 DIGUAOCCTE0087
003 NyNyDIG
006 m o d
007 cr |||||||||||
008 240601s2023 ck a ob 000 0 spa d
035 |a (OCoLC)1439424364 
040 |a DGITA  |b eng  |e rda  |e pn  |c DGITA 
020 |a 9789586191494  |q eBook 
020 |a 9789586191500  |q ePub 
050 1 4 |a QA76.9.H85 ebook 
250 |a Primera edición. 
100 1 |a Solano Alegría, Andrés Fernando,  |e author. 
245 1 0 |a Historias de usuario para el desarrollo de sistemas multimedia :  |b un enfoque práctico /  |c Andrés Fernando Solano Alegría, Carlos Alberto Peláez Ayala, Paola Andrea Castillo Beltrán. 
250 |a Primera edición. 
264 1 |a Cali, Valle del Cauca, Colombia :  |b Programa Editorial, Universidad Autónoma de Occidente,  |c 2023. 
300 |a 1 online resource :  |b illustrations. 
336 |a text  |b txt  |2 rdacontent 
337 |a computer  |b c  |2 rdamedia 
338 |a online resource  |b cr  |2 rdacarrier 
347 |a text file  |2 rdaft 
347 |b PDF 
504 |a Includes bibliographical references. 
588 0 |a Online resource; title from PDF title page (Digitalia, viewed June 1, 2024) 
650 0 |a Human-computer interaction. 
650 0 |a Human computation. 
700 1 |a Peláez Ayala, Carlos Alberto,  |e author. 
700 1 |a Castillo Beltrán, Paola Andrea,  |e author. 
791 2 |a Digitalia (Firm),  |e distributor. 
793 0 |g Digitalia eBook Collection:  |a Universidad Autónoma de Occidente 
856 4 0 |3 Digitalia Hispánica  |u https://www.digitaliapublishing.com/a/135778/ 
910 |a Premium collection: 2024